Advances in NR technology and use (Record no. 53879)

MARC details
000 -LEADER
fixed length control field 00261nam a2200109Ia 4500
245 #0 - TITLE STATEMENT
Title Advances in NR technology and use
260 ## - PUBLICATION, DISTRIBUTION, ETC. (IMPRINT)
Name of publisher Planter
Year of publication 1967
300 ## - PHYSICAL DESCRIPTION
Number of Pages 530-531
650 ## - SUBJECT ADDED ENTRY--TOPICAL TERM
Topical Term NR technology
942 ## - ADDED ENTRY ELEMENTS (KOHA)
Koha item type Journals
Holdings
Withdrawn status Lost status Damaged status Not for loan Home library Current library Shelving location Date acquired Serial Enumeration / chronology Koha item type
      Journals RRII Library RRII Library Rubber chemistry 17/12/2021 Volume 43, Issue Journals